000 00869nam a22002657a 4500
001 2284
005 20231115104205.0
020 _a9780439598415
040 _aFISKH
_beng
_cFISKH
_dFISKH
050 _aTX652.F699
082 _a152.4
100 _aFreymann, Saxton
245 _aHow are you peeling?:
_bFoods with moods /
_cSAXTON FREYMANN AND JOOST ELFFERS
250 _aFirst Bookshelf edition, June 2004
260 _aNew York :
_bScholastic,
_c1999
300 _a39 unnumbered pages :
_billustrations
_c25 cm
505 _aF
520 _aBrief text and photographs of carvings made from vegetables introduce the world of emotions by presenting leading questions such as "Are you feeling angry?"
521 _a370
_bLexile
521 _aF
_bRaz-Plus
650 _aFruit
650 _aVegetable
700 _aElffers, Joost
_eCoauthor
942 _2ddc
_cBK
_n0
999 _c2284
_d2284